[Event "4NCL Online Division 5"]
[Site "online"]
[Date "2020.04.28"]
[Round "4.104"]
[White "Demjan, Denisz"]
[Black "Jayawarna, Thisumi"]
[Result "0-1"]
[WhiteElo "1277"]
[BlackElo "1316"]
[PlyCount "120"]
[EventDate "2020.04.28"]
[WhiteTeam "Watford Juniors A"]
[BlackTeam "Manchester Juniors B"]

1. e4 d5 2. exd5 Qxd5 3. Nc3 Qa5 4. d3 Nf6 5. Bd2 c6 6. Ne4 Qc7 7. Nxf6+ exf6
8. g3 Be6 9. Bg2 Bd6 10. Ne2 O-O 11. Bf4 Bxf4 12. Nxf4 Nd7 13. Nxe6 fxe6 14.
O-O e5 15. Qd2 Rad8 16. Rfe1 Rfe8 17. Rad1 Nb6 18. b3 Nd5 19. c4 Nb6 20. Qc2 c5
21. Be4 Rd4 22. Re2 Qd7 23. Red2 Rd8 24. a4 a5 25. Qb1 f5 26. Bg2 e4 27. Bf1
exd3 28. Rxd3 Qe6 29. Re1 Qf6 30. Red1 Rxd3 31. Bxd3 g6 32. Bc2 Rxd1+ 33. Qxd1
Qd4 34. Qxd4 cxd4 35. Kf1 Kf7 36. Ke2 Ke6 37. f4 Kd6 38. Kd3 Kc5 39. Bd1 Nd7
40. Bf3 b6 41. Bd1 Nf6 42. Bc2 Ng4 43. Bd1 Nf2+ 44. Kd2 Nxd1 45. Kxd1 Kb4 46.
Kc2 Ka3 47. h3 d3+ 48. Kxd3 Kxb3 49. g4 Kxa4 50. Kc3 Ka3 51. g5 Ka4 52. h4 Ka3
53. c5 bxc5 54. Kc2 Ka2 55. Kc1 a4 56. Kc2 c4 57. Kc1 Kb3 58. Kb1 c3 59. Ka1 c2
60. h5 c1=Q# 0-1

[Event "4NCL Online Division 5"]
[Site "online"]
[Date "2020.04.28"]
[Round "4.111"]
[White "Ball, Matthew P"]
[Black "Maton, James J"]
[Result "1/2-1/2"]
[WhiteElo "1750"]
[BlackElo "1562"]
[PlyCount "84"]
[EventDate "2020.04.28"]
[WhiteTeam "Doughnuts of Doom"]
[BlackTeam "St Albans 3"]

1. d4 d5 2. Bf4 c6 3. c3 Nf6 4. e3 Bf5 5. Nf3 e6 6. Nbd2 Nbd7 7. h3 Ne4 8. Nxe4
Bxe4 9. Nd2 Bg6 10. c4 Be7 11. c5 b6 12. b4 O-O 13. Nf3 f6 14. Nh4 Bf7 15. Bg3
e5 16. Nf5 exd4 17. exd4 Re8 18. Be2 Bg6 19. Nxe7+ Qxe7 20. Kf1 Be4 21. Bf3
Bxf3 22. gxf3 f5 23. Qd2 Qf7 24. Kg2 Re6 25. Rae1 Rae8 26. Rxe6 Rxe6 27. Re1
Rxe1 28. Qxe1 f4 29. Bh4 h6 30. Bd8 b5 31. Qe7 Qxe7 32. Bxe7 Kf7 33. Bd6 g5 34.
h4 Nf8 35. Bxf8 Kxf8 36. h5 Kf7 37. Kh2 Ke6 38. Kg2 Kf5 39. Kh3 Kf6 40. Kg2 Kf5
41. Kh3 Kf6 42. Kg2 Kf5 1/2-1/2

[Event "4NCL Online Division 5"]
[Site "online"]
[Date "2020.04.28"]
[Round "4.112"]
[White "Pines, Chris"]
[Black "Smith, David W"]
[Result "1/2-1/2"]
[WhiteElo "1570"]
[BlackElo "1727"]
[PlyCount "128"]
[EventDate "2020.04.28"]
[WhiteTeam "St Albans 3"]
[BlackTeam "Doughnuts of Doom"]

1. c4 Nf6 2. b3 g6 3. Bb2 Bg7 4. e3 O-O 5. g3 c5 6. Bg2 Nc6 7. a3 e6 8. Nf3 b6
9. O-O Bb7 10. Ra2 Qc7 11. d3 d5 12. Nbd2 Rad8 13. Qa1 Qe7 14. Ne1 d4 15. e4 e5
16. Ndf3 Nd7 17. Bc1 h6 18. Bd2 f5 19. exf5 gxf5 20. Nh4 Kh7 21. Qd1 Rde8 22.
Qh5 Qf7 23. Qxf7 Rxf7 24. Bh3 Ref8 25. Nxf5 Rxf5 26. Bxf5+ Rxf5 27. Ng2 Ne7 28.
f4 Ng6 29. g4 Rf7 30. f5 Ne7 31. Be1 Nf6 32. h3 e4 33. dxe4 Nxe4 34. Nf4 Be5
35. Ne6 Ba8 36. Bh4 Ng8 37. g5 hxg5 38. Nxg5+ Nxg5 39. Bxg5 Nf6 40. Bf4 Rg7+
41. Kh2 Bxf4+ 42. Rxf4 Rd7 43. Ra1 Rg7 44. Rg1 d3 45. Rff1 Be4 46. Rxg7+ Kxg7
47. Kg3 Kf7 48. Kf4 Bc6 49. Ke3 Be4 50. Rf4 Kg7 51. h4 Kh6 52. b4 cxb4 53. axb4
a6 54. Rxe4 Nxe4 55. Kxd3 Nd6 56. c5 bxc5 57. bxc5 Nxf5 58. c6 Ne7 59. c7 Kh5
60. Kc4 Kxh4 61. Kb4 Nc8 62. Ka5 Kg5 63. Kxa6 Kf6 64. Kb7 Ne7 1/2-1/2

[Event "4NCL Online Division 5"]
[Site "online"]
[Date "2020.04.28"]
[Round "4.113"]
[White "Ball, Katie C"]
[Black "Angel, George"]
[Result "0-1"]
[WhiteElo "1532"]
[BlackElo "1472"]
[PlyCount "88"]
[EventDate "2020.04.28"]
[WhiteTeam "Doughnuts of Doom"]
[BlackTeam "St Albans 3"]

1. d4 c6 2. Nf3 d6 3. Bg5 Bg4 4. e3 Bxf3 5. Bxe7 Bxd1 6. Bxd8 Bxc2 7. Bg5 Nd7
8. Nd2 Ngf6 9. Rc1 Bg6 10. b4 Be7 11. b5 c5 12. dxc5 dxc5 13. Nb3 b6 14. Bc4
Be4 15. O-O O-O 16. f3 Bd5 17. Rfd1 Bxc4 18. Rxd7 Bxb3 19. axb3 Rfe8 20. Rd3
Rad8 21. Rcd1 Rxd3 22. Rxd3 Rd8 23. Rxd8+ Bxd8 24. e4 Bc7 25. h3 h6 26. Bh4 g5
27. Bf2 Kg7 28. Kf1 Nh5 29. Ke2 Nf4+ 30. Kf1 f5 31. exf5 Kf6 32. g4 Nxh3 33.
Be1 Nf4 34. Bc3+ Kf7 35. Ke1 h5 36. Kf2 h4 37. Bd2 Kf6 38. Bc3+ Be5 39. Bd2
Nd3+ 40. Kg2 Bf4 41. Bc3+ Kf7 42. Kh3 Nc1 43. Kg2 Nxb3 44. Kh3 Nd4 0-1

[Event "4NCL Online Division 5"]
[Site "online"]
[Date "2020.04.28"]
[Round "4.114"]
[White "Branch, Graham"]
[Black "Ball, Charlie"]
[Result "0-1"]
[WhiteElo "1450"]
[BlackElo "1555"]
[PlyCount "106"]
[EventDate "2020.04.28"]
[WhiteTeam "St Albans 3"]
[BlackTeam "Doughnuts of Doom"]

1. c4 e5 2. e3 d6 3. d4 Nd7 4. Ne2 Ngf6 5. Nbc3 c6 6. g3 Be7 7. Bg2 Qc7 8. O-O
O-O 9. b3 a6 10. dxe5 dxe5 11. Bb2 b6 12. Qc2 Bb7 13. Rfd1 Rad8 14. Rd2 b5 15.
cxb5 cxb5 16. Rad1 Rc8 17. Qf5 Bb4 18. a3 Bxg2 19. Kxg2 Qb7+ 20. Kg1 Bxa3 21.
Bxa3 b4 22. Bxb4 Qxb4 23. Nd5 Nxd5 24. Rxd5 Nf6 25. Rxe5 Qxb3 26. Qd3 Qxd3 27.
Rxd3 Rc2 28. Kf1 Ng4 29. Rf5 Nxh2+ 30. Ke1 Ng4 31. Kd1 Rb2 32. Ke1 g6 33. Ra5
Rb1+ 34. Rd1 Rxd1+ 35. Kxd1 Nxf2+ 36. Ke1 Nd3+ 37. Kd2 Nb4 38. Nc3 Rd8+ 39. Ke2
Rc8 40. Na4 Rc2+ 41. Kf3 Rc6 42. Nc5 Rf6+ 43. Ke2 Rf5 44. g4 Rd5 45. e4 Re5 46.
Kf3 Nc6 47. Kf4 g5+ 48. Ke3 Nxa5 49. Nxa6 Nc4+ 50. Kd4 Ra5 51. Nc5 Nb6 52. Nb3
Ra4+ 53. Kc3 Rxe4 0-1

[Event "4NCL Online Division 5"]
[Site "online"]
[Date "2020.04.28"]
[Round "4.121"]
[White "Siddle, Michael"]
[Black "Whatmore, Steve"]
[Result "1/2-1/2"]
[WhiteElo "1562"]
[BlackElo "1817"]
[PlyCount "84"]
[EventDate "2020.04.28"]
[WhiteTeam "Bishop Knights"]
[BlackTeam "Rugeley"]

1. c4 Nf6 2. g3 d5 3. cxd5 Nxd5 4. Bg2 c6 5. Nc3 g6 6. Nf3 Bg7 7. O-O O-O 8. e3
e5 9. a3 Bg4 10. Qc2 Nd7 11. h3 Be6 12. Rd1 f5 13. d4 e4 14. Nd2 Rc8 15. b4 c5
16. bxc5 Nxc5 17. Bf1 Nxc3 18. Qxc3 Nb3 19. Qb2 Nxa1 20. Qxa1 Rf7 21. Bb2 Rc2
22. Nb1 Rc8 23. Nc3 Bb3 24. Rd2 a6 25. a4 Bf8 26. Ne2 Rfc7 27. Nf4 Bb4 28. Rd1
Bxd1 29. Ne6 Qd5 30. Nxc7 Rxc7 31. Qxd1 Kg7 32. f4 exf3 33. Kf2 Bd6 34. Qd2 Be7
35. Bd3 Bf6 36. Qb4 Be7 37. Qb6 Qd6 38. d5+ Kh6 39. Qd4 Bd8 40. Qh8 Qb4 41.
Kxf3 Qxb2 42. Qxb2 Rd7 1/2-1/2

[Event "4NCL Online Division 5"]
[Site "online"]
[Date "2020.04.28"]
[Round "4.122"]
[White "Carr, Matthew"]
[Black "Sides, David"]
[Result "1-0"]
[WhiteElo "1692"]
[BlackElo "1547"]
[PlyCount "91"]
[EventDate "2020.04.28"]
[WhiteTeam "Rugeley"]
[BlackTeam "Bishop Knights"]

1. d4 Nf6 2. Nf3 d5 3. Bf4 Bf5 4. e3 a6 5. Nbd2 e6 6. Bd3 Bxd3 7. cxd3 Nc6 8.
a3 Bd6 9. Bg3 Bxg3 10. hxg3 O-O 11. Ng5 e5 12. Nxh7 Nxh7 13. Qh5 f6 14. Qxh7+
Kf7 15. Nf3 Rh8 16. Qxh8 Qxh8 17. Rxh8 Rxh8 18. Kd2 e4 19. dxe4 dxe4 20. Nh4
Na5 21. Kc3 Rh5 22. b4 Nc6 23. Kb3 Rb5 24. Rc1 g5 25. a4 Rd5 26. Kc4 Ne7 27.
Nf3 exf3 28. gxf3 Rd6 29. Kd3 Nd5 30. b5 axb5 31. axb5 Rb6 32. Rc5 Rd6 33. e4
b6 34. Rc4 Ke6 35. exd5+ Rxd5 36. Rc6+ Kd7 37. Rxf6 Rxb5 38. f4 Rb3+ 39. Kc4
Rb2 40. fxg5 b5+ 41. Kc3 Rb1 42. g6 Rc1+ 43. Kb2 Re1 44. g7 Re8 45. Rf8 Ke7 46.
Rxe8+ 1-0

[Event "4NCL Online Division 5"]
[Site "online"]
[Date "2020.04.28"]
[Round "4.123"]
[White "Clynes, Chris"]
[Black "Sullivan, Luke"]
[Result "0-1"]
[WhiteElo "1435"]
[BlackElo "1585"]
[PlyCount "40"]
[EventDate "2020.04.28"]
[WhiteTeam "Bishop Knights"]
[BlackTeam "Rugeley"]

1. Nc3 Nf6 2. e4 d6 3. d4 Nbd7 4. f4 e5 5. Nf3 exd4 6. Nxd4 c6 7. Bc4 Be7 8.
Nf5 Nxe4 9. Bxf7+ Kxf7 10. Nxe4 Qa5+ 11. c3 Qxf5 12. Nxd6+ Bxd6 13. Qxd6 Re8+
14. Kf2 Ne5 15. Rd1 Re6 16. Qd8 Re8 17. Qc7+ Kg8 18. Rd8 Nd3+ 19. Kg1 Qc5+ 20.
Rd4 Re1# 0-1

[Event "4NCL Online Division 5"]
[Site "online"]
[Date "2020.04.28"]
[Round "4.124"]
[White "Wood, Ryan"]
[Black "Burnett, John"]
[Result "1-0"]
[WhiteElo "1322"]
[BlackElo "1247"]
[PlyCount "77"]
[EventDate "2020.04.28"]
[WhiteTeam "Rugeley"]
[BlackTeam "Bishop Knights"]

1. d4 d6 2. Bf4 Nf6 3. e3 Bg4 4. Be2 Bf5 5. Nf3 h6 6. h3 Qd7 7. c4 e6 8. Nc3 a6
9. Qb3 c6 10. O-O g5 11. Bh2 Ne4 12. Bd3 Nd2 13. Nxd2 Bxd3 14. Rfd1 Bg6 15.
Nde4 Be7 16. Bxd6 Qc8 17. Bxe7 Kxe7 18. Qb4+ c5 19. Qxc5+ Qxc5 20. Nxc5 b6 21.
N5e4 Nc6 22. d5 Ne5 23. d6+ Kf8 24. b3 Nd7 25. Rd4 Rc8 26. Rad1 Kg7 27. f4 Rhd8
28. fxg5 Bxe4 29. gxh6+ Kxh6 30. Rxe4 Rc6 31. Rf4 Ne5 32. d7 Rxd7 33. Rxd7 Nxd7
34. Rxf7 Rd6 35. Ne4 Rd1+ 36. Kf2 Rd3 37. Ke2 Ne5 38. Rf6+ Kg7 39. Rxe6 1-0

[Event "4NCL Online Division 5"]
[Site "online"]
[Date "2020.04.28"]
[Round "4.131"]
[White "Simpson, Derek"]
[Black "Wu, Yuxuan"]
[Result "1-0"]
[WhiteElo "1675"]
[BlackElo "1480"]
[PlyCount "53"]
[EventDate "2020.04.28"]
[WhiteTeam "Broken Herts 1"]
[BlackTeam "Young Dragons"]

1. d4 Nf6 2. Nf3 g6 3. Nc3 Bg7 4. e4 d6 5. Be2 O-O 6. O-O e5 7. dxe5 dxe5 8.
Bg5 Qxd1 9. Raxd1 Nc6 10. Bb5 Re8 11. Bxf6 Bxf6 12. Nd5 Bd8 13. Nb4 Bd7 14.
Rxd7 Nxb4 15. Rfd1 c6 16. Bc4 Rf8 17. Rxb7 Nxc2 18. Rdd7 Bf6 19. Rxf7 Rxf7 20.
Rxf7 Kh8 21. Rxf6 Rd8 22. h3 Nd4 23. Nxe5 Kg7 24. Rf7+ Kh6 25. Ng4+ Kg5 26. f4+
Kh4 27. Kf2 1-0

[Event "4NCL Online Division 5"]
[Site "online"]
[Date "2020.04.28"]
[Round "4.132"]
[White "Davies, Milo"]
[Black "Elder, Kidge"]
[Result "0-1"]
[WhiteElo "1420"]
[BlackElo "1555"]
[PlyCount "74"]
[EventDate "2020.04.28"]
[WhiteTeam "Young Dragons"]
[BlackTeam "Broken Herts 1"]

1. e4 c5 2. Bc4 Nc6 3. d3 a6 4. a4 Nf6 5. Bg5 e6 6. c3 h6 7. Bxf6 Qxf6 8. Qf3
Qe7 9. Bb3 Ne5 10. Qg3 f6 11. Nd2 g5 12. Nc4 Ng6 13. Nb6 Qd8 14. Nxa8 b6 15.
Nc7+ Kf7 16. Nxe6 dxe6 17. O-O-O h5 18. Qe3 Bh6 19. Kc2 g4 20. Qe2 Nf4 21. Qf1
Kg7 22. g3 Ng6 23. f4 gxf3 24. Nxf3 Qe7 25. Qe1 Rd8 26. e5 f5 27. Rf1 Bb7 28.
d4 cxd4 29. cxd4 Be4+ 30. Rd3 Rc8+ 31. Kb1 Bxd3+ 32. Ka2 Bxf1 33. Qxf1 b5 34.
axb5 axb5 35. Qxb5 Ra8+ 36. Kb1 Qc7 37. Bxe6 Qc1# 0-1

[Event "4NCL Online Division 5"]
[Site "online"]
[Date "2020.04.28"]
[Round "4.133"]
[White "Kapur, Gul"]
[Black "Davies, Tom"]
[Result "1-0"]
[WhiteElo "1510"]
[BlackElo "1405"]
[PlyCount "125"]
[EventDate "2020.04.28"]
[WhiteTeam "Broken Herts 1"]
[BlackTeam "Young Dragons"]

1. d4 d5 2. c4 e6 3. Nc3 Nf6 4. Bg5 c5 5. e3 Nc6 6. Nf3 Be7 7. dxc5 Bxc5 8.
cxd5 exd5 9. Bxf6 Qxf6 10. Qxd5 Nb4 11. Bb5+ Nc6 12. Qxc5 Bd7 13. O-O-O Rc8 14.
Qd5 Be6 15. Qd6 a6 16. Bxc6+ Rxc6 17. Qe5 Qh6 18. Nd4 Rc8 19. Nxe6 fxe6 20. Rd6
Ke7 21. Kb1 Qg6+ 22. Ka1 Qf5 23. Nd5+ Kf7 24. Qxf5+ exf5 25. Rd7+ Ke6 26. Rxg7
Kxd5 27. Rxb7 Rc2 28. Rf1 Rhc8 29. a3 Re2 30. Rxh7 Rcc2 31. Rb7 Rxf2 32. Rxf2
Rxf2 33. Rg7 Ke4 34. Rg3 Re2 35. h4 Re1+ 36. Ka2 Rh1 37. Rh3 Rxh3 38. gxh3 Kxe3
39. h5 f4 40. h6 f3 41. h7 f2 42. h8=Q f1=Q 43. Qe5+ Kd2 44. Qc3+ Kd1 45. Qd4+
Kc1 46. Qe3+ Kd1 47. Qd4+ Kc1 48. Qg4 Qf7+ 49. Ka1 Qh7 50. Qc4+ Kd2 51. h4 a5
52. Qd5+ Ke2 53. h5 a4 54. Qe6+ Kd2 55. h6 Kc1 56. Qc4+ Kd2 57. Qc3+ Ke2 58.
Qg7 Qd3 59. Qf7 Qd1+ 60. Ka2 Qd4 61. h7 Qh8 62. Qg8 Qd4 63. h8=Q 1-0

[Event "4NCL Online Division 5"]
[Site "online"]
[Date "2020.04.28"]
[Round "4.134"]
[White "Jaberansari, Benjamin"]
[Black "Zsibrita, Steve"]
[Result "1-0"]
[WhiteElo "1330"]
[BlackElo "1495"]
[PlyCount "112"]
[EventDate "2020.04.28"]
[WhiteTeam "Young Dragons"]
[BlackTeam "Broken Herts 1"]

1. e4 c5 2. Nf3 a6 3. Nc3 e6 4. d4 cxd4 5. Nxd4 Bb4 6. Bd2 Qc7 7. Nce2 Bd6 8.
Ng3 Nf6 9. Bg5 Be7 10. Nf3 h6 11. Be3 O-O 12. Bd3 Nc6 13. O-O b5 14. a4 Bb7 15.
axb5 axb5 16. Bxb5 Rxa1 17. Qxa1 Ra8 18. Qd1 d5 19. exd5 Nxd5 20. Re1 Rd8 21.
Qe2 Nf6 22. Qc4 Bd6 23. Bxc6 Bxg3 24. Bb5 Qxc4 25. Bxc4 Bc7 26. Bd4 Nh5 27. Be5
Bb6 28. Be2 Nf6 29. Bxf6 gxf6 30. Ra1 Bxf3 31. Bxf3 Rd2 32. Ra8+ Kg7 33. Rc8
Rxf2 34. Rc6 Be3 35. Rc3 Rxf3+ 36. Rxe3 Rxe3 37. Kf2 Re5 38. Kf3 Kf8 39. b3 Ke7
40. c3 Kd6 41. b4 Kd5 42. b5 Kc4 43. b6 Rb5 44. b7 Rxb7 45. g4 Rb5 46. h3 f5
47. gxf5 Rxf5+ 48. Kg4 Kxc3 49. h4 h5+ 50. Kh3 Kd4 51. Kg3 Ke3 52. Kh3 Kf2 53.
Kh2 e5 54. Kh3 e4 55. Kh2 e3 56. Kh1 Rf4 1-0

[Event "4NCL Online Division 5"]
[Site "online"]
[Date "2020.04.28"]
[Round "4.141"]
[White "Hill, Michael"]
[Black "Kerbel, Sasha"]
[Result "1/2-1/2"]
[WhiteElo "1727"]
[BlackElo "1780"]
[PlyCount "63"]
[EventDate "2020.04.28"]
[WhiteTeam "East Cornwall Clowns"]
[BlackTeam "Wigston 2"]

1. Nf3 Nf6 2. d4 e6 3. e3 b6 4. Nbd2 Bb7 5. Be2 c5 6. a3 d5 7. O-O Nbd7 8. c4
Bd6 9. dxc5 Nxc5 10. b4 Nce4 11. Bb2 O-O 12. cxd5 Bxd5 13. Nxe4 Nxe4 14. Rc1
Rc8 15. Qd3 Qe7 16. Qd4 f6 17. Ba6 Rxc1 18. Rxc1 Re8 19. Bb5 Rd8 20. Be2 Qb7
21. Qd1 Rc8 22. Rxc8+ Qxc8 23. Nd4 Nc3 24. Qd2 Nxe2+ 25. Qxe2 Qc4 26. g3 Qxe2
27. Nxe2 e5 28. Nc3 Bc6 29. Kf1 Kf7 30. Ke2 a6 31. Bc1 Ke6 32. e4 1/2-1/2

[Event "4NCL Online Division 5"]
[Site "online"]
[Date "2020.04.28"]
[Round "4.142"]
[White "Raine, Benjamin"]
[Black "Young, Andy"]
[Result "1-0"]
[WhiteElo "1615"]
[BlackElo "1532"]
[PlyCount "53"]
[EventDate "2020.04.28"]
[WhiteTeam "Wigston 2"]
[BlackTeam "East Cornwall Clowns"]

1. e4 c5 2. Nf3 Nc6 3. Bc4 e6 4. d4 cxd4 5. Nxd4 Ne5 6. Bb3 Nf6 7. Nc3 Bc5 8.
O-O h6 9. Nf3 Nc6 10. a3 O-O 11. h3 Na5 12. Ba2 Nc6 13. Bf4 d6 14. Re1 e5 15.
Be3 Bxe3 16. Rxe3 Nh5 17. Rd3 Nd4 18. Nxd4 Nf4 19. Rf3 Qg5 20. Rg3 Qh4 21. Nf3
Qe7 22. Nd5 Nxd5 23. Qxd5 Be6 24. Qd2 Bxa2 25. Qxh6 g6 26. Rxa2 Qe6 27. Ng5 1-0

[Event "4NCL Online Division 5"]
[Site "online"]
[Date "2020.04.28"]
[Round "4.143"]
[White "Jenkins, Simon"]
[Black "Mottram, Paul"]
[Result "1-0"]
[WhiteElo "1525"]
[BlackElo "1570"]
[PlyCount "75"]
[EventDate "2020.04.28"]
[WhiteTeam "East Cornwall Clowns"]
[BlackTeam "Wigston 2"]

1. e4 c6 2. f4 d5 3. e5 Bf5 4. Nf3 e6 5. d4 Nd7 6. Bd3 Nh6 7. h3 Bxd3 8. Qxd3
Nf5 9. Be3 c5 10. dxc5 Bxc5 11. Bxc5 Nxc5 12. Qb5+ Nd7 13. g4 Ne3 14. Qe2 Qa5+
15. c3 Nc4 16. O-O Qb6+ 17. Rf2 Nc5 18. Kh2 Ne4 19. Rg2 Rc8 20. Nd4 O-O 21. b3
Na5 22. Nb5 a6 23. Nd6 Nxd6 24. exd6 Qxd6 25. Qe3 Qc5 26. Qg3 d4 27. b4 Qc4 28.
bxa5 dxc3 29. Rc2 Qb5 30. Nxc3 Qxa5 31. Rac1 b5 32. Ne4 Rxc2+ 33. Rxc2 Qa4 34.
Qd3 f5 35. gxf5 exf5 36. Qd5+ Kh8 37. Qc5 Qxe4 38. Qxf8# 1-0

[Event "4NCL Online Division 5"]
[Site "online"]
[Date "2020.04.28"]
[Round "4.144"]
[White "Milligan, Alex"]
[Black "Knight, Steven"]
[Result "1/2-1/2"]
[WhiteElo "1487"]
[BlackElo "1427"]
[PlyCount "95"]
[EventDate "2020.04.28"]
[WhiteTeam "Wigston 2"]
[BlackTeam "East Cornwall Clowns"]

1. b3 e5 2. Bb2 Nc6 3. e3 g6 4. Nf3 Bg7 5. Bb5 d6 6. d4 Bd7 7. d5 Nce7 8. Bxd7+
Qxd7 9. e4 Qg4 10. O-O Qxe4 11. Nc3 Qg4 12. h3 Qd7 13. Ne4 f5 14. Neg5 Nf6 15.
Ne6 Nexd5 16. Nxg7+ Qxg7 17. c4 Nf4 18. Nxe5 dxe5 19. Bxe5 O-O 20. Bxf4 Rad8
21. Qc2 Ne4 22. Rac1 Rd7 23. f3 Nc5 24. Qc3 Nd3 25. Qxg7+ Rxg7 26. Bh6 Nxc1 27.
Bxg7 Ne2+ 28. Kf2 Kxg7 29. Kxe2 Re8+ 30. Kd2 Kf6 31. Re1 Rxe1 32. Kxe1 Ke5 33.
Ke2 c5 34. Kd3 Kf4 35. Ke2 Kg3 36. Kf1 h5 37. Kg1 g5 38. Kf1 h4 39. Kg1 Kf4 40.
Kf2 Ke5 41. Ke3 f4+ 42. Kd3 b6 43. a3 a5 44. a4 Kf5 45. Ke2 Ke5 46. Kd3 Kf5 47.
Ke2 Ke5 48. Kd3 1/2-1/2

[Event "4NCL Online Division 5"]
[Site "online"]
[Date "2020.04.28"]
[Round "4.151"]
[White "Draper, Martin"]
[Black "Humeniuk, Michael"]
[Result "1-0"]
[WhiteElo "1525"]
[BlackElo "1480"]
[PlyCount "87"]
[EventDate "2020.04.28"]
[WhiteTeam "Warley and Quinborne"]
[BlackTeam "Broken Herts 2"]

1. d4 d5 2. Bf4 Nf6 3. e3 e6 4. Nf3 Nc6 5. Nbd2 Bd6 6. Bg3 O-O 7. Ne5 Bxe5 8.
dxe5 Nd7 9. Nf3 Ne7 10. Bd3 h6 11. Qe2 c5 12. c3 c4 13. Bc2 b5 14. O-O a6 15.
Nd4 Qc7 16. f4 Nc6 17. Rad1 Nxd4 18. exd4 Re8 19. Bh4 Nf8 20. Qh5 Bb7 21. Rf3
Ng6 22. Bxg6 fxg6 23. Qxg6 Qf7 24. Qxf7+ Kxf7 25. Rdf1 Bc8 26. Rh3 Kg8 27. Rff3
Ra7 28. g4 Rf7 29. g5 hxg5 30. Bxg5 Bb7 31. Rhg3 Rc8 32. h4 Kf8 33. h5 Ke8 34.
Rg4 Bc6 35. Rfg3 Kd7 36. Bh4 Rg8 37. h6 g6 38. Rxg6 Rxg6 39. Rxg6 Ke8 40. Rg8+
Kd7 41. Rg7 Ke8 42. Rg8+ Kd7 43. Bf6 Rxf6 44. exf6 1-0

[Event "4NCL Online Division 5"]
[Site "online"]
[Date "2020.04.28"]
[Round "4.152"]
[White "Lynch, Mark"]
[Black "Berry, Steve"]
[Result "0-1"]
[WhiteElo "1472"]
[BlackElo "1480"]
[PlyCount "90"]
[EventDate "2020.04.28"]
[WhiteTeam "Broken Herts 2"]
[BlackTeam "Warley and Quinborne"]

1. d4 e6 2. Nc3 d5 3. Bf4 a6 4. Nf3 Nf6 5. e3 Be7 6. Bd3 Nc6 7. O-O Nb4 8. a3
Nxd3 9. cxd3 O-O 10. Rc1 Nh5 11. Bg3 Nf6 12. Ne5 c6 13. h3 h6 14. Na4 Nd7 15.
Nxd7 Bxd7 16. Nc5 Bc8 17. b4 Bd6 18. Bxd6 Qxd6 19. f4 b6 20. Nb3 Bd7 21. Ra1
Qe7 22. Qe1 Qf6 23. Qg3 Qf5 24. Rad1 Rac8 25. Rfe1 c5 26. dxc5 Ba4 27. e4 dxe4
28. dxe4 Qf6 29. e5 Qe7 30. Rd6 bxc5 31. Nxc5 Bb5 32. Nxa6 Bc4 33. Nc5 Bd5 34.
Qe3 Qh4 35. Kh2 Qh5 36. a4 Qg6 37. Qf2 Rfd8 38. Rxd8+ Rxd8 39. b5 Rc8 40. b6
Rxc5 41. a5 Rxa5 42. g3 Rb5 43. Rc1 Qe4 44. Rc8+ Kh7 45. Rb8 Qh1# 0-1

[Event "4NCL Online Division 5"]
[Site "online"]
[Date "2020.04.28"]
[Round "4.153"]
[White "Lewis, John B"]
[Black "Williams, Graham"]
[Result "1-0"]
[WhiteElo "1465"]
[BlackElo "1435"]
[PlyCount "139"]
[EventDate "2020.04.28"]
[WhiteTeam "Warley and Quinborne"]
[BlackTeam "Broken Herts 2"]

1. d4 Nf6 2. c4 e6 3. Bg5 Be7 4. Nc3 h6 5. Bh4 Nh7 6. Bxe7 Qxe7 7. Nf3 d6 8. e3
b6 9. Bd3 f5 10. O-O O-O 11. Qc2 Bb7 12. Be2 Nc6 13. a3 Ng5 14. Nh4 Qf6 15. Kh1
a6 16. f4 Nh7 17. Nf3 Ne7 18. b4 Ng6 19. Rad1 Nh4 20. d5 Nxf3 21. Bxf3 e5 22.
Be2 Rae8 23. Rf2 exf4 24. exf4 Bc8 25. Rff1 g6 26. Bf3 Re3 27. Ne2 Rfe8 28. Rd3
Qf7 29. Qd2 Rxd3 30. Qxd3 Nf6 31. Nc3 Re7 32. Qb1 Qe8 33. Kg1 Re3 34. Qc1 Kf7
35. Kf2 Re7 36. Re1 Rxe1 37. Qxe1 Qxe1+ 38. Kxe1 Bd7 39. g3 Ng4 40. Bxg4 fxg4
41. Kf2 Bf5 42. Ke3 Ke7 43. Kd4 Kd7 44. Ke3 c6 45. dxc6+ Kxc6 46. Kd4 Be6 47.
b5+ axb5 48. cxb5+ Kb7 49. Nd5 Bd7 50. Kc4 Be6 51. Kd4 h5 52. Ne7 Bf7 53. Nd5
Be6 54. Ne3 Kc8 55. Nc4 Kc7 56. Kc3 Bf7 57. Kb4 Be6 58. a4 Bf7 59. a5 bxa5+ 60.
Nxa5 Bd5 61. Nb3 Bxb3 62. Kxb3 Kb6 63. Kc4 Kc7 64. Kd5 Kb6 65. Kxd6 Kxb5 66.
Ke5 Kc5 67. Kf6 Kd6 68. Kxg6 Ke6 69. Kxh5 Kf5 70. Kh4 1-0

[Event "4NCL Online Division 5"]
[Site "online"]
[Date "2020.04.28"]
[Round "4.154"]
[White "Huhn, Robert M"]
[Black "Woodward, Pauline"]
[Result "0-1"]
[WhiteElo "1412"]
[BlackElo "1262"]
[PlyCount "132"]
[EventDate "2020.04.28"]
[WhiteTeam "Broken Herts 2"]
[BlackTeam "Warley and Quinborne"]

1. c4 Nf6 2. Nc3 d6 3. Nf3 g6 4. g3 Bg7 5. Bg2 O-O 6. O-O c5 7. d4 Nc6 8. d5
Na5 9. Nd2 b6 10. Qc2 Ba6 11. b3 Qc7 12. Bb2 Rae8 13. Nce4 Nb7 14. Nxf6+ exf6
15. e3 b5 16. Rfe1 Nd8 17. Ne4 Qe7 18. Nc3 b4 19. Ne2 Bc8 20. a3 Bf5 21. Qd2 a5
22. a4 Bg4 23. h3 Bd7 24. Nf4 f5 25. Bxg7 Kxg7 26. Re2 Qe5 27. Rae1 Qc3 28.
Qxc3+ bxc3 29. Rc2 f6 30. Rxc3 Nf7 31. e4 Ng5 32. Rce3 Re7 33. exf5 Rxe3 34.
Rxe3 Bxf5 35. h4 Nf7 36. Ne6+ Bxe6 37. Rxe6 Ne5 38. Rxd6 Ng4 39. Bh3 Ne5 40.
Re6 Nf3+ 41. Kg2 Nd2 42. Re3 Rb8 43. d6 Rd8 44. d7 f5 45. Rd3 Ne4 46. f3 Nf6
47. g4 Rxd7 48. Rxd7+ Nxd7 49. gxf5 Ne5 50. fxg6 Kxg6 51. f4 Nc6 52. Kf3 Nd4+
53. Kg4 Nxb3 54. f5+ Kf6 55. Kh5 Nd4 56. Kh6 Nxf5+ 57. Bxf5 Kxf5 58. h5 Kg4 59.
Kxh7 Kxh5 60. Kg7 Kg4 61. Kf6 Kf4 62. Ke6 Ke4 63. Kd6 Kd4 64. Kc6 Kxc4 65. Kb6
Kb4 66. Kc6 c4 0-1

[Event "4NCL Online Division 5"]
[Site "online"]
[Date "2020.04.28"]
[Round "4.161"]
[White "Morgan, Harry J"]
[Black "Dicen, Elis Denele"]
[Result "0-1"]
[WhiteElo "1727"]
[BlackElo "1697"]
[PlyCount "86"]
[EventDate "2020.04.28"]
[WhiteTeam "Streatham C"]
[BlackTeam "Warwickshire Bears B"]

1. e4 e6 2. c3 d5 3. exd5 exd5 4. Nf3 Nf6 5. Be2 Bd6 6. O-O O-O 7. d3 Be6 8.
Nd4 Nbd7 9. f4 Nb6 10. f5 Bd7 11. Nd2 c5 12. N4b3 Qc7 13. Nf3 Bxf5 14. Bg5 Nbd7
15. h3 Bg6 16. Nh4 Rfe8 17. Bf3 Bg3 18. Nxg6 hxg6 19. Bg4 Bd6 20. Bxd7 Nxd7 21.
Qf3 Nb6 22. Rae1 Qd7 23. Be3 Rac8 24. Kh1 Re7 25. Rd1 Qc7 26. Bg5 Re6 27. Qg4
Rce8 28. Nc1 Qd7 29. Qh4 Be7 30. Bxe7 Qxe7 31. Qg4 Nd7 32. Rd2 Nf6 33. Qg3 Nh5
34. Qg4 Re3 35. Kg1 Ng3 36. Rfd1 Re1+ 37. Kh2 Nf1+ 38. Kh1 Nxd2+ 39. Kh2 Rxd1
40. Qxd1 Qe1 41. Qa4 Nf1+ 42. Kh1 Ng3+ 43. Kh2 Re3 0-1

[Event "4NCL Online Division 5"]
[Site "online"]
[Date "2020.04.28"]
[Round "4.162"]
[White "Monga, Kanav"]
[Black "Isaacs, Ruairi"]
[Result "1-0"]
[WhiteElo "1682"]
[BlackElo "1360"]
[PlyCount "49"]
[EventDate "2020.04.28"]
[WhiteTeam "Warwickshire Bears B"]
[BlackTeam "Streatham C"]

1. d4 Nf6 2. Bf4 g6 3. Nc3 Bg7 4. e4 d6 5. Qd2 Nbd7 6. O-O-O O-O 7. Bh6 a5 8.
h4 Re8 9. h5 c6 10. hxg6 fxg6 11. Bxg7 Kxg7 12. e5 Nh5 13. g4 Nhf6 14. exf6+
Nxf6 15. Bd3 Bxg4 16. f3 Bd7 17. Nge2 Rh8 18. f4 Bg4 19. f5 Bxf5 20. Bxf5 gxf5
21. Rdg1+ Kf7 22. Qg5 Qd7 23. Qg7+ Ke8 24. Qxh8+ Kf7 25. Rxh7+ 1-0

[Event "4NCL Online Division 5"]
[Site "online"]
[Date "2020.04.28"]
[Round "4.163"]
[White "Yordanov, Denislav"]
[Black "Wong, Tristan"]
[Result "0-1"]
[WhiteElo "1412"]
[BlackElo "1622"]
[PlyCount "66"]
[EventDate "2020.04.28"]
[WhiteTeam "Streatham C"]
[BlackTeam "Warwickshire Bears B"]

1. d4 Nf6 2. c4 d6 3. Nc3 Nc6 4. Nf3 g6 5. Bg5 Bg7 6. e4 O-O 7. h3 e5 8. d5 Ne7
9. Qd2 c6 10. Bh6 cxd5 11. Nxd5 Nexd5 12. cxd5 Bd7 13. Bd3 Qb6 14. O-O Bb5 15.
Be3 Qa6 16. Rfd1 Bxd3 17. Qxd3 Qxd3 18. Rxd3 Nxe4 19. Rc1 b6 20. Nd2 Nxd2 21.
Bxd2 Rac8 22. Rc6 Rfd8 23. Rdc3 Ra8 24. Rc7 Bf6 25. Rf3 Bg7 26. Rfxf7 Bh8 27.
Rxh7 a5 28. Bg5 Rdc8 29. Rhd7 Rxc7 30. Rxc7 e4 31. Rc6 Be5 32. Rxb6 Rc8 33. Be7
Rc1# 0-1